<?xml version="1.0" encoding="UTF-8"?>
<record
    xmlns:xsi="http://www.w3.org/2001/XMLSchema-instance"
    xsi:schemaLocation="http://www.loc.gov/MARC21/slim http://www.loc.gov/standards/marcxml/schema/MARC21slim.xsd"
    xmlns="http://www.loc.gov/MARC21/slim">

  <leader>00471nam a22001577a 4500</leader>
  <controlfield tag="003">OSt</controlfield>
  <controlfield tag="005">20150915112925.0</controlfield>
  <controlfield tag="008">150915b        xxu||||| |||| 00| 0 eng d</controlfield>
  <datafield tag="040" ind1=" " ind2=" ">
    <subfield code="c">RUA</subfield>
  </datafield>
  <datafield tag="082" ind1=" " ind2=" ">
    <subfield code="a">AGR CHA 1999 B024 Or.1 </subfield>
  </datafield>
  <datafield tag="100" ind1=" " ind2=" ">
    <subfield code="9">510</subfield>
    <subfield code="a">CHAN, PORN. </subfield>
  </datafield>
  <datafield tag="245" ind1=" " ind2=" ">
    <subfield code="a">Contribution to study on jasmine &#x179C;&#x17B7;&#x1797;&#x17B6;&#x1782;&#x1791;&#x17B6;&#x1793;&#x179F;&#x17B7;&#x1780;&#x17D2;&#x179F;&#x17B6;&#x17A2;&#x17C6;&#x1796;&#x17B8;&#x1795;&#x17D2;&#x1780;&#x17B6;&#x1798;&#x17D2;&#x179B;&#x17B7;&#x17C7;</subfield>
  </datafield>
  <datafield tag="260" ind1=" " ind2=" ">
    <subfield code="a">Phnom Penh</subfield>
    <subfield code="b">RUA</subfield>
    <subfield code="c">1999</subfield>
  </datafield>
  <datafield tag="300" ind1=" " ind2=" ">
    <subfield code="a">36p.</subfield>
    <subfield code="b">ill.</subfield>
    <subfield code="c">29cm.</subfield>
  </datafield>
  <datafield tag="942" ind1=" " ind2=" ">
    <subfield code="2">ddc</subfield>
    <subfield code="c">AGR</subfield>
  </datafield>
  <datafield tag="999" ind1=" " ind2=" ">
    <subfield code="c">488</subfield>
    <subfield code="d">488</subfield>
  </datafield>
  <datafield tag="952" ind1=" " ind2=" ">
    <subfield code="0">0</subfield>
    <subfield code="1">0</subfield>
    <subfield code="2">ddc</subfield>
    <subfield code="4">0</subfield>
    <subfield code="6">AGR_CHA_1999_000000000000000_B024_OR_1</subfield>
    <subfield code="7">0</subfield>
    <subfield code="9">2354</subfield>
    <subfield code="a">LBB</subfield>
    <subfield code="b">LBB</subfield>
    <subfield code="c">B024</subfield>
    <subfield code="d">2015-09-15</subfield>
    <subfield code="l">3</subfield>
    <subfield code="o">AGR CHA 1999 B024 Or.1</subfield>
    <subfield code="p">RUA004211</subfield>
    <subfield code="r">2018-06-26</subfield>
    <subfield code="s">2018-06-12</subfield>
    <subfield code="w">2015-09-15</subfield>
    <subfield code="y">AGR</subfield>
  </datafield>
  <datafield tag="952" ind1=" " ind2=" ">
    <subfield code="0">0</subfield>
    <subfield code="1">0</subfield>
    <subfield code="2">ddc</subfield>
    <subfield code="4">0</subfield>
    <subfield code="6">AGR_CHA_1999_000000000000000_B024_OR_2</subfield>
    <subfield code="7">0</subfield>
    <subfield code="9">2355</subfield>
    <subfield code="a">LBB</subfield>
    <subfield code="b">LBB</subfield>
    <subfield code="c">B024</subfield>
    <subfield code="d">2015-09-15</subfield>
    <subfield code="l">2</subfield>
    <subfield code="o">AGR CHA 1999 B024 Or.2</subfield>
    <subfield code="p">RUA004451</subfield>
    <subfield code="r">2022-07-12</subfield>
    <subfield code="s">2022-06-24</subfield>
    <subfield code="w">2015-09-15</subfield>
    <subfield code="y">AGR</subfield>
  </datafield>
  <datafield tag="952" ind1=" " ind2=" ">
    <subfield code="0">0</subfield>
    <subfield code="1">0</subfield>
    <subfield code="2">ddc</subfield>
    <subfield code="4">0</subfield>
    <subfield code="6">AGR_CHA_1999_000000000000000_B024_OR_3</subfield>
    <subfield code="7">0</subfield>
    <subfield code="9">2356</subfield>
    <subfield code="a">LBB</subfield>
    <subfield code="b">LBB</subfield>
    <subfield code="c">B024</subfield>
    <subfield code="d">2015-09-15</subfield>
    <subfield code="l">1</subfield>
    <subfield code="o">AGR CHA 1999 B024 Or.3</subfield>
    <subfield code="p">RUA004174</subfield>
    <subfield code="q">2023-12-07</subfield>
    <subfield code="r">2023-11-20</subfield>
    <subfield code="s">2023-11-20</subfield>
    <subfield code="w">2015-09-15</subfield>
    <subfield code="y">AGR</subfield>
  </datafield>
  <datafield tag="952" ind1=" " ind2=" ">
    <subfield code="0">0</subfield>
    <subfield code="1">0</subfield>
    <subfield code="2">ddc</subfield>
    <subfield code="4">0</subfield>
    <subfield code="6">AGR_CHA_1999_000000000000000_B024_OR_4</subfield>
    <subfield code="7">0</subfield>
    <subfield code="9">2357</subfield>
    <subfield code="a">LBB</subfield>
    <subfield code="b">LBB</subfield>
    <subfield code="c">B024</subfield>
    <subfield code="d">2015-09-15</subfield>
    <subfield code="l">3</subfield>
    <subfield code="o">AGR CHA 1999 B024 Or.4</subfield>
    <subfield code="p">RUA004139</subfield>
    <subfield code="r">2018-06-22</subfield>
    <subfield code="s">2018-05-26</subfield>
    <subfield code="w">2015-09-15</subfield>
    <subfield code="y">AGR</subfield>
  </datafield>
  <datafield tag="952" ind1=" " ind2=" ">
    <subfield code="0">0</subfield>
    <subfield code="1">0</subfield>
    <subfield code="2">ddc</subfield>
    <subfield code="4">0</subfield>
    <subfield code="6">AGR_CHA_1999_000000000000000_B024_OR_5</subfield>
    <subfield code="7">0</subfield>
    <subfield code="9">58455</subfield>
    <subfield code="a">LBB</subfield>
    <subfield code="b">LBB</subfield>
    <subfield code="d">2017-01-16</subfield>
    <subfield code="l">1</subfield>
    <subfield code="o">AGR CHA 1999 B024 Or.5</subfield>
    <subfield code="p">A05903</subfield>
    <subfield code="r">2023-08-15</subfield>
    <subfield code="s">2023-03-29</subfield>
    <subfield code="w">2017-01-16</subfield>
    <subfield code="y">AGR</subfield>
  </datafield>
</record>
